| LEADER | 07652nam a2200709 4500 | ||
|---|---|---|---|
| 082 | |a 792.8 |b TR120M | ||
| 100 | |a Trần Minh Trí | ||
| 245 | |a Múa: |b Giáo trình Cao đẳng Sư phạm |c Trần Minh Trí | ||
| 260 | |a H.: |b Đại học Sư phạm, |c 2005. | ||
| 300 | |a 111 tr.; |c 24 cm. | ||
| 520 | |a v.v... | ||
| 653 | |a Múa | ||
| 942 | |2 ddc |c STK | ||
| 999 | |c 5156 |d 5156 | ||
| 952 | |0 0 |1 0 |2 ddc |4 0 |6 792_800000000000000_TR120M |7 0 |8 700 |9 49401 |a qbu |b qbu |c D5 |d 2014-12-21 |o 792.8 TR120M |p 1423.c1 |r 0000-00-00 |w 2014-12-21 |y STK | ||
| 952 | |0 0 |1 0 |2 ddc |4 0 |6 792_800000000000000_TR120M |7 0 |8 700 |9 49402 |a qbu |b qbu |c D5 |d 2014-12-21 |o 792.8 TR120M |p 1423.c2 |r 0000-00-00 |w 2014-12-21 |y STK | ||
| 952 | |0 0 |1 0 |2 ddc |4 0 |6 792_800000000000000_TR120M |7 0 |8 700 |9 49403 |a qbu |b qbu |c D5 |d 2014-12-21 |o 792.8 TR120M |p 1423.c3 |r 0000-00-00 |w 2014-12-21 |y STK | ||
| 952 | |0 0 |1 0 |2 ddc |4 0 |6 792_800000000000000_TR120M |7 0 |8 700 |9 49404 |a qbu |b qbu |c D5 |d 2014-12-21 |o 792.8 TR120M |p 1423.c4 |r 0000-00-00 |w 2014-12-21 |y STK | ||
| 952 | |0 0 |1 0 |2 ddc |4 0 |6 792_800000000000000_TR120M |7 0 |8 700 |9 49405 |a qbu |b qbu |c D5 |d 2014-12-21 |o 792.8 TR120M |p 1423.c5 |r 0000-00-00 |w 2014-12-21 |y STK | ||
| 952 | |0 0 |1 0 |2 ddc |4 0 |6 792_800000000000000_TR120M |7 0 |8 700 |9 49406 |a qbu |b qbu |c D5 |d 2014-12-21 |o 792.8 TR120M |p 1423.c6 |r 0000-00-00 |w 2014-12-21 |y STK | ||
| 952 | |0 0 |1 0 |2 ddc |4 0 |6 792_800000000000000_TR120M |7 0 |8 700 |9 49407 |a qbu |b qbu |c D5 |d 2014-12-21 |o 792.8 TR120M |p 1423.c7 |r 0000-00-00 |w 2014-12-21 |y STK | ||
| 952 | |0 0 |1 0 |2 ddc |4 0 |6 792_800000000000000_TR120M |7 0 |8 700 |9 49408 |a qbu |b qbu |c D5 |d 2014-12-21 |o 792.8 TR120M |p 1423.c8 |r 0000-00-00 |w 2014-12-21 |y STK | ||
| 952 | |0 0 |1 0 |2 ddc |4 0 |6 792_800000000000000_TR120M |7 0 |8 700 |9 49409 |a qbu |b qbu |c D5 |d 2014-12-21 |o 792.8 TR120M |p 1423.c9 |r 0000-00-00 |w 2014-12-21 |y STK | ||
| 952 | |0 0 |1 0 |2 ddc |4 0 |6 792_800000000000000_TR120M |7 0 |8 700 |9 49410 |a qbu |b qbu |c D5 |d 2014-12-21 |o 792.8 TR120M |p 1423.c10 |r 0000-00-00 |w 2014-12-21 |y STK | ||
| 952 | |0 0 |1 0 |2 ddc |4 0 |6 792_800000000000000_TR120M |7 0 |8 700 |9 49411 |a qbu |b qbu |c D5 |d 2014-12-21 |o 792.8 TR120M |p 1423.c11 |r 0000-00-00 |w 2014-12-21 |y STK | ||
| 952 | |0 0 |1 0 |2 ddc |4 0 |6 792_800000000000000_TR120M |7 0 |8 700 |9 49412 |a qbu |b qbu |c D5 |d 2014-12-21 |o 792.8 TR120M |p 1423.c12 |r 0000-00-00 |w 2014-12-21 |y STK | ||
| 952 | |0 0 |1 0 |2 ddc |4 0 |6 792_800000000000000_TR120M |7 0 |8 700 |9 49413 |a qbu |b qbu |c D5 |d 2014-12-21 |o 792.8 TR120M |p 1423.c13 |r 0000-00-00 |w 2014-12-21 |y STK | ||
| 952 | |0 0 |1 0 |2 ddc |4 0 |6 792_800000000000000_TR120M |7 0 |8 700 |9 49414 |a qbu |b qbu |c D5 |d 2014-12-21 |o 792.8 TR120M |p 1423.c14 |r 0000-00-00 |w 2014-12-21 |y STK | ||
| 952 | |0 0 |1 0 |2 ddc |4 0 |6 792_800000000000000_TR120M |7 0 |8 700 |9 49415 |a qbu |b qbu |c D5 |d 2014-12-21 |o 792.8 TR120M |p 1423.c15 |r 0000-00-00 |w 2014-12-21 |y STK | ||
| 952 | |0 0 |1 0 |2 ddc |4 0 |6 792_800000000000000_TR120M |7 0 |8 700 |9 49416 |a qbu |b qbu |c D5 |d 2014-12-21 |o 792.8 TR120M |p 1423.c16 |r 0000-00-00 |w 2014-12-21 |y STK | ||
| 952 | |0 0 |1 0 |2 ddc |4 0 |6 792_800000000000000_TR120M |7 0 |8 700 |9 49417 |a qbu |b qbu |c D5 |d 2014-12-21 |o 792.8 TR120M |p 1423.c17 |r 0000-00-00 |w 2014-12-21 |y STK | ||
| 952 | |0 0 |1 0 |2 ddc |4 0 |6 792_800000000000000_TR120M |7 0 |8 700 |9 49418 |a qbu |b qbu |c D5 |d 2014-12-21 |o 792.8 TR120M |p 1423.c18 |r 0000-00-00 |w 2014-12-21 |y STK | ||
| 952 | |0 0 |1 0 |2 ddc |4 0 |6 792_800000000000000_TR120M |7 0 |8 700 |9 49419 |a qbu |b qbu |c D5 |d 2014-12-21 |o 792.8 TR120M |p 1423.c19 |r 0000-00-00 |w 2014-12-21 |y STK | ||
| 952 | |0 0 |1 0 |2 ddc |4 0 |6 792_800000000000000_TR120M |7 0 |8 700 |9 49420 |a qbu |b qbu |c D5 |d 2014-12-21 |o 792.8 TR120M |p 1423.c20 |r 0000-00-00 |w 2014-12-21 |y STK | ||
| 952 | |0 0 |1 0 |2 ddc |4 0 |6 792_800000000000000_TR120M |7 0 |8 700 |9 49421 |a qbu |b qbu |c D5 |d 2014-12-21 |o 792.8 TR120M |p 1423.c21 |r 0000-00-00 |w 2014-12-21 |y STK | ||
| 952 | |0 0 |1 0 |2 ddc |4 0 |6 792_800000000000000_TR120M |7 0 |8 700 |9 49422 |a qbu |b qbu |c D5 |d 2014-12-21 |o 792.8 TR120M |p 1423.c22 |r 0000-00-00 |w 2014-12-21 |y STK | ||
| 952 | |0 0 |1 0 |2 ddc |4 0 |6 792_800000000000000_TR120M |7 0 |8 700 |9 49423 |a qbu |b qbu |c D5 |d 2014-12-21 |o 792.8 TR120M |p 1423.c23 |r 0000-00-00 |w 2014-12-21 |y STK | ||
| 952 | |0 0 |1 0 |2 ddc |4 0 |6 792_800000000000000_TR120M |7 0 |8 700 |9 49424 |a qbu |b qbu |c D5 |d 2014-12-21 |o 792.8 TR120M |p 1423.c24 |r 0000-00-00 |w 2014-12-21 |y STK | ||
| 952 | |0 0 |1 0 |2 ddc |4 0 |6 792_800000000000000_TR120M |7 0 |8 700 |9 49425 |a qbu |b qbu |c D5 |d 2014-12-21 |o 792.8 TR120M |p 1423.c25 |r 0000-00-00 |w 2014-12-21 |y STK | ||
| 952 | |0 0 |1 0 |2 ddc |4 0 |6 792_800000000000000_TR120M |7 0 |8 700 |9 49426 |a qbu |b qbu |c D5 |d 2014-12-21 |o 792.8 TR120M |p 1423.c26 |r 0000-00-00 |w 2014-12-21 |y STK | ||
| 952 | |0 0 |1 0 |2 ddc |4 0 |6 792_800000000000000_TR120M |7 0 |8 700 |9 49427 |a qbu |b qbu |c D5 |d 2014-12-21 |l 1 |m 1 |o 792.8 TR120M |p 1423.c27 |q 2022-01-17 |r 2021-08-18 |s 2021-08-18 |w 2014-12-21 |y STK | ||
| 952 | |0 0 |1 0 |2 ddc |4 0 |6 792_800000000000000_TR120M |7 0 |8 700 |9 49428 |a qbu |b qbu |c D5 |d 2014-12-21 |o 792.8 TR120M |p 1423.c28 |r 0000-00-00 |w 2014-12-21 |y STK | ||
| 952 | |0 0 |1 0 |2 ddc |4 0 |6 792_800000000000000_TR120M |7 0 |8 700 |9 49429 |a qbu |b qbu |c D5 |d 2014-12-21 |o 792.8 TR120M |p 1423.c29 |r 0000-00-00 |w 2014-12-21 |y STK | ||
| 952 | |0 0 |1 0 |2 ddc |4 0 |6 792_800000000000000_TR120M |7 0 |8 700 |9 49430 |a qbu |b qbu |c D5 |d 2014-12-21 |o 792.8 TR120M |p 1423.c30 |r 0000-00-00 |w 2014-12-21 |y STK | ||
| 952 | |0 0 |1 0 |2 ddc |4 0 |6 792_800000000000000_TR120M |7 0 |8 700 |9 49431 |a qbu |b qbu |c D5 |d 2014-12-21 |o 792.8 TR120M |p 1423.c31 |r 0000-00-00 |w 2014-12-21 |y STK | ||
| 952 | |0 0 |1 0 |2 ddc |4 0 |6 792_800000000000000_TR120M |7 0 |8 700 |9 49432 |a qbu |b qbu |c D5 |d 2014-12-21 |o 792.8 TR120M |p 1423.c32 |r 0000-00-00 |w 2014-12-21 |y STK | ||
| 952 | |0 0 |1 0 |2 ddc |4 0 |6 792_800000000000000_TR120M |7 0 |8 700 |9 49433 |a qbu |b qbu |c D5 |d 2014-12-21 |o 792.8 TR120M |p 1423.c33 |r 0000-00-00 |w 2014-12-21 |y STK | ||
| 952 | |0 0 |1 0 |2 ddc |4 0 |6 792_800000000000000_TR120M |7 0 |8 700 |9 49434 |a qbu |b qbu |c D5 |d 2014-12-21 |o 792.8 TR120M |p 1423.c34 |r 0000-00-00 |w 2014-12-21 |y STK | ||
| 952 | |0 0 |1 0 |2 ddc |4 0 |6 792_800000000000000_TR120M |7 0 |8 700 |9 49435 |a qbu |b qbu |c D5 |d 2014-12-21 |o 792.8 TR120M |p 1423.c35 |r 0000-00-00 |w 2014-12-21 |y STK | ||
| 952 | |0 0 |1 0 |2 ddc |4 0 |6 792_800000000000000_TR120M |7 0 |8 700 |9 49436 |a qbu |b qbu |c D5 |d 2014-12-21 |o 792.8 TR120M |p 1423.c36 |r 0000-00-00 |w 2014-12-21 |y STK | ||
| 952 | |0 0 |1 0 |2 ddc |4 0 |6 792_800000000000000_TR120M |7 0 |8 700 |9 49437 |a qbu |b qbu |c D5 |d 2014-12-21 |o 792.8 TR120M |p 1423.c37 |r 0000-00-00 |w 2014-12-21 |y STK | ||
| 952 | |0 0 |1 0 |2 ddc |4 0 |6 792_800000000000000_TR120M |7 0 |8 700 |9 49438 |a qbu |b qbu |c D5 |d 2014-12-21 |o 792.8 TR120M |p 1423.c38 |r 0000-00-00 |w 2014-12-21 |y STK | ||
| 952 | |0 0 |1 0 |2 ddc |4 0 |6 792_800000000000000_TR120M |7 0 |8 700 |9 49439 |a qbu |b qbu |c D5 |d 2014-12-21 |o 792.8 TR120M |p 1423.c39 |r 0000-00-00 |w 2014-12-21 |y STK | ||
| 952 | |0 0 |1 0 |2 ddc |4 0 |6 792_800000000000000_TR120M |7 0 |8 700 |9 49440 |a qbu |b qbu |c D5 |d 2014-12-21 |o 792.8 TR120M |p 1423.c40 |r 0000-00-00 |w 2014-12-21 |y STK | ||
| 952 | |0 0 |1 0 |2 ddc |4 0 |6 792_800000000000000_TR120M |7 0 |8 700 |9 49441 |a qbu |b qbu |c D5 |d 2014-12-21 |o 792.8 TR120M |p 1423.c41 |r 0000-00-00 |w 2014-12-21 |y STK | ||
| 952 | |0 0 |1 0 |2 ddc |4 0 |6 792_800000000000000_TR120M |7 0 |8 700 |9 49442 |a qbu |b qbu |c D5 |d 2014-12-21 |o 792.8 TR120M |p 1423.c42 |r 0000-00-00 |w 2014-12-21 |y STK | ||
| 952 | |0 0 |1 0 |2 ddc |4 0 |6 792_800000000000000_TR120M |7 0 |8 700 |9 49443 |a qbu |b qbu |c D5 |d 2014-12-21 |o 792.8 TR120M |p 1423.c43 |r 0000-00-00 |w 2014-12-21 |y STK | ||
| 952 | |0 0 |1 0 |2 ddc |4 0 |6 792_800000000000000_TR120M |7 0 |8 700 |9 49444 |a qbu |b qbu |c D5 |d 2014-12-21 |o 792.8 TR120M |p 1423.c44 |r 0000-00-00 |w 2014-12-21 |y STK | ||
| 952 | |0 0 |1 0 |2 ddc |4 0 |6 792_800000000000000_TR120M |7 0 |8 700 |9 49445 |a qbu |b qbu |c D5 |d 2014-12-21 |o 792.8 TR120M |p 1423.c45 |r 0000-00-00 |w 2014-12-21 |y STK | ||
| 952 | |0 0 |1 0 |2 ddc |4 0 |6 792_800000000000000_TR120M |7 0 |8 700 |9 49446 |a qbu |b qbu |c D5 |d 2014-12-21 |l 2 |o 792.8 TR120M |p 1423.c46 |r 2016-05-24 |s 2016-03-09 |w 2014-12-21 |y STK | ||
| 952 | |0 0 |1 0 |2 ddc |4 0 |6 792_800000000000000_TR120M |7 0 |8 700 |9 105122 |a qbu |b qbu |c D5 |d 2016-01-08 |l 5 |m 3 |o 792.8 TR120M |p 1423.c47 |r 2021-07-07 |s 2021-07-05 |w 2016-01-08 |y STK | ||
| 952 | |0 0 |1 0 |2 ddc |4 0 |6 792_800000000000000_TR120M |7 0 |8 700 |9 105123 |a qbu |b qbu |c D5 |d 2016-01-08 |o 792.8 TR120M |p 1423.c48 |r 0000-00-00 |w 2016-01-08 |y STK | ||